LEADER 00976nam a2200217 i 4500 001 000000187441 003 CaOOAMICUS 005 20100317000000.0 008 100317s1969 gw u000 u ger u 013 $a165532 040 $aSeMil$bita 100 1 $aEichinger, Matthias.$0(OLS)http://semarc/name/112 245 14$aDie Verklärung Christi bei Origines :$bdie Bedeutung des Menschen Jesus in seiner Christologie /$cMatthias Eichinger. 260 $aWien :$bHerder,$ccopyr. 1969. 300 $a203 p. ;$c23 cm. 490 0 $aWiener Beiträge zur Theologie ;$vBand23. 830 0$aWiener Beiträge zur Theologie ;$vBand23.$0(OLS)http://semarc/title/29015 850 $aSeMil 852 $aSeMil$W1$xVenegono$y1$m2T II 183$j138128$B138128$CSeMilBibl$Z2$F149590 $81 996 $6245$aDie Verklärung Christi bei Origines :$bdie Bedeutung des Menschen Jesus in seiner Christologie$9(OLS)http://semarc/title/269648 996 $6260$aWien :$bHerder$9(OLS)http://semarc/publisher/30693 LEADER 00687nam a2200181 i 4500 001 000000232328 003 CaOOAMICUS 005 20140825000000.0 008 140825s1836 it u000 u ita u 013 $a211231 040 $aSeMil$bita 245 10$aPoesie scritturali :$bCantici e Apocalisse. 300 $acol. 763-1586. 650 4$aBibbia - AT e NT - Versioni poetiche.$0(OLS)http://semarc/subject/4780 773 0 $tParnaso straniero.$dVenezia : Giuseppe Antonelli, 1834.$g2$w()30394 850 $aSeMil 852 $aSeMil$W1$xVenegono$y1$m2Y IV 23 FA$j182674$B182674$CSeMilBibl$Z2$F193695 $8I 996 $6245$aPoesie scritturali :$bCantici e Apocalisse$9(OLS)http://semarc/title/331536